000 00761nam a2200217Ia 4500
003 GCL
008 140319s9999 xx 000 0 ara d
040 _aGCL /
_cGCL
082 0 4 _aق
_b953.084
_bج ن
100 1 _aبن تغرى بردى، جمال الدين
245 1 0 _aالنجوم الزاهرة فى ملوك مصر والقاهرة /
_cبن تغرى بردى، جمال الدين
700 1 _aمحمد حسين شمس الدين (تقديم وتع
260 _a[S.N] :
_bدار الكتب العلمية للنشر والتوزيع ،
_c1992
300 _aمتعدد الصفحات
490 _a
650 0 4 _aمصر
650 0 4 _aتاريخ
650 0 4 _aالمماليك الجراكسة
650 0 4 _aالقاهرة
942 _2ddc
_cBK
999 _c52396
_d52396